International funds tap into local know-how (Record no. 66373)

MARC details
000 -LEADER
fixed length control field 01110cam a2200229 4500
001 - CONTROL NUMBER
control field ABS63658
008 - FIXED-LENGTH DATA ELEMENTS--GENERAL INFORMATION
fixed length control field 000000n2001 000 0 eng u
035 ## - SYSTEM CONTROL NUMBER
System control number (Sirsi) u111403
245 ## - TITLE STATEMENT
Title International funds tap into local know-how
260 ## - PUBLICATION, DISTRIBUTION, ETC.
Date of publication, distribution, etc. 2001
490 ## - SERIES STATEMENT
Series statement EuroProperty
Volume/sequential designation March 2001, 22-24(3)
520 ## - SUMMARY, ETC.
Summary, etc. Discusses a growing trend among international fund managers to invest in small operating buinesses across Europe. This enables the former to gain exposure to niche property sectors or target markets, by utilising the expertise of the local operating firm. Describes the experiences of some fund managers that have invested in operating businesses, and provides a listing of selected investments into operating companies. Notes that question marks remain over the exit strategy.
590 ## - LOCAL NOTE (RLIN)
Local note ABS
650 ## - SUBJECT ADDED ENTRY--TOPICAL TERM
Topical term or geographic name entry element FUND MANAGERS
650 ## - SUBJECT ADDED ENTRY--TOPICAL TERM
Topical term or geographic name entry element INTERNATIONAL
650 ## - SUBJECT ADDED ENTRY--TOPICAL TERM
Topical term or geographic name entry element OPERATING BUSINESSES
650 ## - SUBJECT ADDED ENTRY--TOPICAL TERM
Topical term or geographic name entry element LOCAL KNOWLEDGE
650 ## - SUBJECT ADDED ENTRY--TOPICAL TERM
Topical term or geographic name entry element MANAGEMENT SKILLS
650 ## - SUBJECT ADDED ENTRY--TOPICAL TERM
Topical term or geographic name entry element NICHE MARKETS
690 ## - LOCAL SUBJECT ADDED ENTRY--TOPICAL TERM (OCLC, RLIN)
Topical term or geographic name as entry element PROPERTY-COMMERCIAL PROPERTY-COMMERCIAL PROPERTY FINANCE AND INVESTMENT
942 ## - ADDED ENTRY ELEMENTS (KOHA)
Suppress in OPAC 0
Holdings
Withdrawn status Lost status Source of classification or shelving scheme Damaged status Not for loan Home library Current library Shelving location Date acquired Total Checkouts Full call number Barcode Date last seen Copy number Price effective from Koha item type
    Dewey Decimal Classification     London London Journal article 13/03/2001   ABS63658 111403-1001 06/08/2019 1 06/08/2019 Journal article